000 00869cab a2200217 4500
001 WB2745-30
008 090401t1991 xxu||||| |||| 00| 0 eng d
035 _a(Sirsi) u44863
041 _aeng
245 _aSingle residential unit made into two
260 _c1991
350 _a0
490 _aEstates Gazette Case Summaries
_v1991 EGCS 113 (16/11/91)
520 _a"Worthing BC v SoS for the Environment and another" QBD 5 November 1991. It was held that the the enforcement notice against a development, where there was a change of use from a single residential unit to two units, was served too late; the change of use occurred over four years before the notice was served.
650 _aCHANGE OF USE
650 _aENFORCEMENT NOTICES
650 _aRESIDENTIAL UNIT
690 _aPLANNING LAW AND PRACTICE-CASE LAW
942 _n0
948 _c04/03/1997
999 _c28509
_d28509